[Event "Quebec op U1800"]
[Site "Longueuil CAN"]
[Date "2019.07.21"]
[Round "2.2"]
[White "Armstrong, Robert J"]
[Black "Alcantara, Maximo jr"]
[Result "1/2-1/2"]
[WhiteElo "1633"]
[BlackElo "1726"]
[PlyCount "100"]
[EventDate "2019.07.20"]
[EventType "swiss"]
[EventRounds "9"]
[EventCountry "CAN"]

1. d4 c6 2. c4 d5 3. e3 a6 4. Nf3 Nf6 5. Bd3 Bg4 6. O-O e6 7. Nbd2 Bd6 8. Qc2
Nbd7 9. b3 Bh5 10. Bb2 Bg6 11. Rae1 O-O 12. Ne5 Bxd3 13. Qxd3 Bb4 14. a3 Bxd2
15. Qxd2 Nxe5 16. dxe5 Nd7 17. f4 Nc5 18. b4 Ne4 19. Qe2 dxc4 20. Rd1 Qb6 21.
Bd4 c5 22. bxc5 Qc6 23. f5 exf5 24. Rxf5 Nxc5 25. Qxc4 Ne6 26. Qd3 Rad8 27.
Rdf1 Qd5 28. Rh5 g6 29. Rh4 Qxe5 30. Qxg6+ fxg6 31. Rxf8+ Nxf8 32. Bxe5 Rd3 33.
Rb4 Rxe3 34. Bd6 b5 35. a4 Re6 36. Bxf8 Kxf8 37. axb5 Rb6 38. Rf4+ Kg7 39. bxa6
Rxa6 40. g4 Ra2 41. Rf2 Ra3 42. Kg2 Ra4 43. Kg3 Ra1 44. h4 Rh1 45. Rh2 Rf1 46.
Rf2 Rxf2 47. Kxf2 Kf6 48. Kf3 Ke5 49. Ke3 h6 50. Kf3 h5 1/2-1/2

[Event "Quebec op U1800"]
[Site "Longueuil CAN"]
[Date "2019.07.21"]
[Round "3"]
[White "Mai, Deren"]
[Black "Armstrong, Robert J"]
[Result "1-0"]
[WhiteElo "1523"]
[BlackElo "1633"]
[PlyCount "81"]
[EventDate "2019.07.20"]
[EventType "swiss"]
[EventRounds "9"]
[EventCountry "CAN"]

1. e4 g6 2. d4 Bg7 3. c4 c5 4. d5 Qa5+ 5. Qd2 Qb6 6. Nc3 d6 7. h3 Nd7 8. f4
Ngf6 9. Bd3 Nh5 10. Nge2 Bd4 11. Nxd4 cxd4 12. Ne2 O-O 13. O-O e5 14. f5 Nc5
15. f6 Qd8 16. Qh6 Nxf6 17. Bg5 Ncd7 18. Rf3 Kh8 19. Raf1 Ng8 20. Bxd8 Nxh6 21.
Be7 Re8 22. Bg5 Kg7 23. Bxh6+ Kxh6 24. Rxf7 Nc5 25. Bb1 d3 26. Ng3 a5 27. a3 a4
28. Rd1 Bd7 29. Bxd3 Rf8 30. Rxf8 Rxf8 31. Rf1 Rf4 32. Bc2 b5 33. Rxf4 exf4 34.
Ne2 Kg5 35. cxb5 Bxb5 36. Nd4 Bd7 37. b4 axb3 38. Nxb3 Kf6 39. Nxc5 dxc5 40. a4
Bxa4 41. Bxa4 1-0

[Event "Quebec op U1800"]
[Site "Longueuil CAN"]
[Date "2019.07.21"]
[Round "3.1"]
[White "Morinvil, Geffrard"]
[Black "Villeneuve, Benoit"]
[Result "1/2-1/2"]
[WhiteElo "1667"]
[BlackElo "1762"]
[PlyCount "59"]
[EventDate "2019.07.20"]
[EventType "swiss"]
[EventRounds "9"]
[EventCountry "CAN"]

1. e4 c5 2. d3 Nc6 3. Nf3 d6 4. g3 g6 5. Bg2 Bg7 6. O-O Nf6 7. Nbd2 O-O 8. c3
e5 9. Nc4 Be6 10. Ne3 d5 11. Ng5 Qd7 12. Nxe6 fxe6 13. Ng4 Nh5 14. Bh6 Rad8 15.
Bg5 Rc8 16. Qd2 Nf6 17. Nxf6+ Bxf6 18. Bxf6 Rxf6 19. h4 Rcf8 20. Rae1 d4 21. c4
Qc7 22. Bh3 Qf7 23. a3 Rf3 24. Bg4 Rf6 25. Rb1 a5 26. b3 b6 27. Rb2 Qg7 28. Kg2
h6 29. h5 g5 30. Qe2 1/2-1/2

[Event "Quebec op U1800"]
[Site "Longueuil CAN"]
[Date "2019.07.22"]
[Round "4"]
[White "Armstrong, Robert J"]
[Black "Lelievre, Aldo"]
[Result "0-1"]
[WhiteElo "1633"]
[BlackElo "1523"]
[PlyCount "155"]
[EventDate "2019.07.20"]
[EventType "swiss"]
[EventRounds "9"]
[EventCountry "CAN"]

1. e4 g6 2. d4 Bg7 3. Nf3 c5 4. c3 Qa5 5. Bd2 Qb6 6. Qc2 Nc6 7. dxc5 Qxc5 8.
Be3 Qa5 9. Nbd2 d6 10. Bd3 Bg4 11. h3 Bd7 12. Nb3 Qc7 13. O-O Rc8 14. Nfd4 Nb4
15. cxb4 Qd8 16. Qe2 a6 17. Rac1 e5 18. Rxc8 Bxc8 19. Nf3 f5 20. exf5 gxf5 21.
Nh2 Nf6 22. Bg5 h5 23. Rd1 b5 24. Qc2 Qd7 25. Bf1 Nh7 26. Be3 Rg8 27. Kh1 Bf6
28. Qd2 Be7 29. Qe2 Nf6 30. f3 h4 31. Qc2 Nh5 32. Rc1 Ng3+ 33. Kg1 Kf7 34. f4
Bb7 35. Qc7 Qxc7 36. Rxc7 Nxf1 37. Nxf1 Bxg2 38. fxe5 Bxh3+ 39. Kf2 Rg2+ 40.
Kf3 dxe5 41. Bc5 e4+ 42. Ke3 f4+ 43. Kxf4 Rg4+ 44. Ke3 Bxf1 45. Rxe7+ Kg8 46.
Rxe4 Rg2 47. Rxh4 Rxb2 48. Na5 Rxa2 49. Rf4 Bh3 50. Rf8+ Kh7 51. Ra8 Ra3+ 52.
Kf4 Bg2 53. Rxa6 Rc3 54. Rd6 Bf1 55. Nc6 Rc4+ 56. Nd4 Kg8 57. Ke5 Rc1 58. Rf6
Re1+ 59. Kd6 Ra1 60. Kc7 Kg7 61. Rf2 Bc4 62. Kb6 Ra8 63. Bd6 Rd8 64. Kc7 Ra8
65. Bc5 Ra6 66. Nf5+ Kh7 67. Nd4 Rg6 68. Nc6 Re6 69. Bd6 Re8 70. Ne5 Bb3 71.
Rf7+ Kg8 72. Rf2 Kh7 73. Rf3 Bd1 74. Ra3 Re6 75. Nd7 Kg7 76. Ne5 Kf6 77. Nf3
Be2 78. Nd4 0-1

[Event "Quebec op U1800"]
[Site "Longueuil CAN"]
[Date "2019.07.24"]
[Round "6"]
[White "Armstrong, Robert J"]
[Black "Malloy, Francis"]
[Result "1/2-1/2"]
[WhiteElo "1633"]
[BlackElo "1513"]
[PlyCount "129"]
[EventDate "2019.07.20"]
[EventType "swiss"]
[EventRounds "9"]
[EventCountry "CAN"]

1. d4 d5 2. Nf3 Nf6 3. e3 Bf5 4. c4 e6 5. Bd3 Bxd3 6. Qxd3 c5 7. O-O Nc6 8. a3
Be7 9. dxc5 Bxc5 10. b4 Be7 11. c5 O-O 12. Bb2 Ne4 13. Nbd2 Nxd2 14. Qxd2 Bf6
15. Rfc1 Bxb2 16. Qxb2 a6 17. a4 a5 18. bxa5 Nxa5 19. Qb4 Qc7 20. Nd4 Nc6 21.
Qb3 Nxd4 22. exd4 Rfb8 23. Rcb1 Ra6 24. Qb5 Qc6 25. h3 h6 26. a5 Kf8 27. Qxc6
Rxc6 28. Rb6 Rxb6 29. cxb6 Rc8 30. a6 bxa6 31. Rxa6 Rb8 32. Kf1 Ke8 33. Ke2 Kd7
34. Ra7+ Ke8 35. Ra6 Kd7 36. f4 Kc6 37. Ra7 Rb7 38. Ra8 Kxb6 39. g4 Kc6 40. Rd8
Rb2+ 41. Kf3 Rb3+ 42. Kg2 Rb4 43. f5 Rxd4 44. fxe6 fxe6 45. Rg8 Rf4 46. Rxg7
Rf6 47. h4 Kd6 48. g5 hxg5 49. hxg5 Rf8 50. g6 Ke5 51. Rf7 Rg8 52. g7 Ke4 53.
Kf2 e5 54. Ke2 Kd4 55. Kd2 e4 56. Re7 Ra8 57. Ke2 Ra2+ 58. Kf1 Ra8 59. Rf7 Rg8
60. Ke2 Kc3 61. Ke3 Kc4 62. Rc7+ Kb5 63. Kd4 Kb6 64. Rf7 Kc6 65. Rf6+ 1/2-1/2

[Event "Quebec op U1800"]
[Site "Longueuil CAN"]
[Date "2019.07.25"]
[Round "7"]
[White "Armstrong, Robert J"]
[Black "Boulanger, Mario"]
[Result "1-0"]
[WhiteElo "1633"]
[BlackElo "1571"]
[PlyCount "61"]
[EventDate "2019.07.20"]
[EventType "swiss"]
[EventRounds "9"]
[EventCountry "CAN"]

1. d4 Nf6 2. c4 g6 3. Nc3 Bg7 4. e4 d6 5. f3 O-O 6. Be3 e5 7. d5 a5 8. g4 Nbd7
9. Nge2 Nc5 10. Ng3 Ne8 11. h4 h6 12. Qd2 Kh7 13. Be2 f5 14. exf5 gxf5 15. gxf5
Nf6 16. Nce4 b6 17. Ng5+ Kh8 18. Ne6 Bxe6 19. dxe6 Kh7 20. O-O-O Qe8 21. Rdg1
Rg8 22. Bd3 c6 23. Ne4 Nxd3+ 24. Qxd3 Nxe4 25. Qxe4 Bf6 26. Bg5 Kg7 27. Bd2+
Kh7 28. Qe3 Rxg1+ 29. Rxg1 Bg7 30. f6 Bf8 31. e7 1-0

[Event "Quebec op U1800"]
[Site "Longueuil CAN"]
[Date "2019.07.26"]
[Round "8"]
[White "Brunet, Guy"]
[Black "Armstrong, Robert J"]
[Result "1-0"]
[WhiteElo "1578"]
[BlackElo "1633"]
[PlyCount "97"]
[EventDate "2019.07.20"]
[EventType "swiss"]
[EventRounds "9"]
[EventCountry "CAN"]

1. d4 f5 2. Nf3 Nf6 3. c3 e6 4. Bg5 Be7 5. Nbd2 Ne4 6. Bxe7 Qxe7 7. e3 d5 8.
Ne5 Nd7 9. Qh5+ Kf8 10. Ng6+ hxg6 11. Qxh8+ Kf7 12. Nxe4 dxe4 13. Qh3 Nb6 14.
f3 exf3 15. Qxf3 c5 16. Bd3 Qc7 17. O-O Bd7 18. Qf4 Qxf4 19. Rxf4 cxd4 20. exd4
Nd5 21. Rf2 Bc6 22. Re1 Rh8 23. a3 Nf6 24. Rfe2 Ne4 25. Bxe4 Bxe4 26. Rxe4 fxe4
27. Rxe4 Rh5 28. h3 Rf5 29. Re2 Ke7 30. g3 Kd6 31. Kg2 b5 32. b3 a5 33. g4 Rd5
34. Re4 e5 35. Rxe5 Rxe5 36. dxe5+ Kxe5 37. Kf3 a4 38. bxa4 bxa4 39. Ke3 Kd5
40. Kd3 g5 41. c4+ Ke5 42. Kc3 Kf4 43. Kd4 Kg3 44. c5 Kxh3 45. c6 Kxg4 46. c7
Kf3 47. c8=Q g4 48. Qf5+ Kg3 49. Ke3 1-0

[Event "Quebec op U1800"]
[Site "Longueuil CAN"]
[Date "2019.07.27"]
[Round "9"]
[White "Armstrong, Robert J"]
[Black "Kay, Sang Kil"]
[Result "1-0"]
[WhiteElo "1633"]
[BlackElo "1682"]
[PlyCount "73"]
[EventDate "2019.07.20"]
[EventType "swiss"]
[EventRounds "9"]
[EventCountry "CAN"]

1. d4 Nf6 2. c4 g6 3. Nc3 Bg7 4. e4 d6 5. f3 O-O 6. Be3 e5 7. d5 h6 8. Qd2 Kh7
9. h4 a6 10. g4 Ne8 11. Bd3 Nd7 12. Nge2 Nc5 13. Bc2 Bd7 14. Ng3 b5 15. cxb5
axb5 16. b4 Na6 17. Nce2 Qf6 18. Rf1 Qe7 19. O-O-O c5 20. bxc5 Nxc5 21. Kb1 Qd8
22. g5 h5 23. f4 Rxa2 24. Kxa2 exf4 25. Bd4 Qa8+ 26. Kb1 fxg3 27. Bxg7 Kxg7 28.
Qd4+ Kg8 29. e5 Qa3 30. e6 Nxe6 31. dxe6 Bxe6 32. Qb2 Qe3 33. Nf4 Bc4 34. Rde1
Qd2 35. Rd1 Qa5 36. Nxg6 Bxf1 37. Ne7# 1-0

[Event "Quebec op U1800"]
[Site "Longueuil CAN"]
[Date "2019.07.27"]
[Round "9.4"]
[White "Gerard, Patrice"]
[Black "Alcantara, Maximo jr"]
[Result "1-0"]
[WhiteElo "1715"]
[BlackElo "1726"]
[PlyCount "139"]
[EventDate "2019.07.20"]
[EventType "swiss"]
[EventRounds "9"]
[EventCountry "CAN"]

1. e4 c6 2. d4 d5 3. exd5 cxd5 4. c4 e6 5. Nc3 Nc6 6. b3 Bb4 7. Bb2 dxc4 8.
Bxc4 Qxd4 9. Qxd4 Nxd4 10. O-O-O Bxc3 11. Bxc3 e5 12. Bxd4 exd4 13. Bb5+ Ke7
14. Nf3 Bg4 15. Rhe1+ Kf8 16. Ne5 Rc8+ 17. Kb2 Nf6 18. Nxg4 Nxg4 19. Bd7 Rd8
20. Bxg4 g6 21. Rd3 Kg7 22. Re7 h5 23. Bf3 g5 24. Rxb7 g4 25. Bd1 Rhe8 26. Rxa7
Re1 27. Ra4 Rf1 28. Rd2 d3 29. Kc3 Rc8+ 30. Rc4 Rd8 31. Rd4 Rc8+ 32. Kxd3 Rc1
33. Ke4 Rh1 34. f3 Rxh2 35. fxg4 hxg4 36. Bxg4 Re1+ 37. Kf3 Rhh1 38. R4d3 Rh6
39. Rb2 Rf1+ 40. Kg3 Rg6 41. Rf3 Rc1 42. Rf4 Rc3+ 43. Kh2 Rh6+ 44. Bh3 Rd6 45.
b4 Ra3 46. b5 Rb6 47. Bd7 Rh6+ 48. Kg1 Rd3 49. Bc6 Rd8 50. a4 Rb8 51. Bd5 Rd6
52. Bc4 Ra8 53. b6 Rd1+ 54. Kf2 Ra1 55. b7 Rb8 56. Rxf7+ Kg6 57. Rb6+ Kg5 58.
Ra6 Rb1 59. Rg6+ Kxg6 60. Bd5 Rb2+ 61. Kg3 Rd8 62. Bc4 Rb8 63. Bd5 Rd8 64. Rf2
Rb6 65. Bf3 Ra6 66. Rc2 Rb8 67. Rc6+ Rxc6 68. Bxc6 Kf6 69. a5 Ke7 70. a6 1-0

[Event "Quebec op U2000"]
[Site "Longueuil CAN"]
[Date "2019.07.20"]
[Round "1.1"]
[White "Strasser, Arevick"]
[Black "Gueorguiev, Valentin"]
[Result "0-1"]
[WhiteElo "1588"]
[BlackElo "1945"]
[PlyCount "72"]
[EventDate "2019.07.20"]
[EventType "swiss"]
[EventRounds "9"]
[EventCountry "CAN"]

1. e4 g6 2. d4 Bg7 3. Nf3 c5 4. c3 cxd4 5. cxd4 d5 6. e5 Nh6 7. Bxh6 Bxh6 8.
Nc3 O-O 9. Be2 Nc6 10. h3 a6 11. Qb3 Be6 12. Qxb7 Na5 13. Qb4 Rb8 14. Qa3 Nc6
15. O-O Nb4 16. Qa4 Bf5 17. Nh4 Bc2 18. Qa3 e6 19. Nf3 Bf5 20. Bd1 Re8 21. Qa4
Qb6 22. a3 Nd3 23. b4 Rec8 24. Ne2 Nb2 25. Qb3 Nxd1 26. Rfxd1 Bc2 27. Qb2 Bxd1
28. Rxd1 Qc6 29. Ra1 a5 30. Rb1 axb4 31. axb4 Rb5 32. Nh2 Qc2 33. f4 Bf8 34.
Qxc2 Rxc2 35. Kf2 Rxb4 36. Rd1 Rbb2 0-1

[Event "Quebec op U2000"]
[Site "Longueuil CAN"]
[Date "2019.07.20"]
[Round "1.2"]
[White "Weston, Paul"]
[Black "Duplessis, Claude"]
[Result "1-0"]
[WhiteElo "1912"]
[BlackElo "1571"]
[PlyCount "73"]
[EventDate "2019.07.20"]
[EventType "swiss"]
[EventRounds "9"]
[EventCountry "CAN"]

1. Nf3 f5 2. e4 fxe4 3. Ng5 Nf6 4. d3 d6 5. dxe4 h6 6. Nh3 Bxh3 7. gxh3 e5 8.
Nc3 Nbd7 9. Be2 h5 10. Bg5 c6 11. Qd2 Qb6 12. O-O-O O-O-O 13. f4 Nc5 14. Bf3
exf4 15. Qxf4 Ne6 16. Qf5 Re8 17. Bxf6 gxf6 18. Bxh5 Rxh5 19. Qxh5 Qe3+ 20. Kb1
Ng7 21. Qg4+ Kc7 22. Qg1 Qxg1 23. Rhxg1 f5 24. exf5 Nxf5 25. Rg8 Ng7 26. Rf1
Ne6 27. a3 d5 28. Rf7+ Kd6 29. Rxb7 Re7 30. Rxe7 Kxe7 31. Rg4 a6 32. Ra4 Nc7
33. Na2 c5 34. Rh4 Ke6 35. Nc1 Bd6 36. Rh6+ Ke5 37. Nd3+ 1-0

[Event "Quebec op U2000"]
[Site "Longueuil CAN"]
[Date "2019.07.20"]
[Round "1.3"]
[White "Cloutier, Eric"]
[Black "De Lagrave, Sylvain"]
[Result "1/2-1/2"]
[WhiteElo "1483"]
[BlackElo "1860"]
[PlyCount "121"]
[EventDate "2019.07.20"]
[EventType "swiss"]
[EventRounds "9"]
[EventCountry "CAN"]

1. e4 c5 2. Nc3 d6 3. g3 Nc6 4. Bg2 g6 5. d3 Bg7 6. Be3 Nf6 7. h3 O-O 8. Nge2
e5 9. Qd2 Nd4 10. Nd1 Rb8 11. O-O Bxh3 12. Nxd4 cxd4 13. Bxh3 dxe3 14. Nxe3 d5
15. exd5 Nxd5 16. Bg2 Nxe3 17. Qxe3 Qd4 18. c3 Qxe3 19. fxe3 b5 20. Bd5 Bh6 21.
Rae1 Kg7 22. d4 exd4 23. exd4 Bg5 24. Re2 h5 25. Bc6 h4 26. gxh4 Bxh4 27. a4
bxa4 28. Bxa4 Rh8 29. Ra1 Rh5 30. Bc6 Rb6 31. d5 a5 32. c4 Bf6 33. Bb5 Bd4+ 34.
Kg2 Rg5+ 35. Kf3 Rf6+ 36. Ke4 Re5+ 37. Kxd4 Rxe2 38. Kc5 Rxb2 39. Rd1 a4 40. d6
Rff2 41. d7 Rfd2 42. d8=Q Rxd8 43. Rxd8 a3 44. Ra8 a2 45. Kd4 f5 46. c5 Rxb5
47. c6 Rb1 48. Rxa2 Rc1 49. Kd5 Kf6 50. Rd2 g5 51. Kd6 g4 52. c7 Kg5 53. Rd5
Rxc7 54. Kxc7 g3 55. Kd6 Kg4 56. Rd4+ f4 57. Ke5 g2 58. Rxf4+ Kg3 59. Rf8 g1=Q
60. Rg8+ Kf2 61. Rxg1 1/2-1/2

[Event "Quebec op U2000"]
[Site "Longueuil CAN"]
[Date "2019.07.20"]
[Round "1.4"]
[White "Wu, Tony (Dongze)"]
[Black "Tsukerman, Julia"]
[Result "1-0"]
[WhiteElo "1858"]
[BlackElo "1481"]
[PlyCount "157"]
[EventDate "2019.07.20"]
[EventType "swiss"]
[EventRounds "9"]
[EventCountry "CAN"]

1. d4 Nf6 2. c4 e6 3. g3 d5 4. Nf3 Be7 5. Bg2 O-O 6. O-O b6 7. cxd5 exd5 8. Nc3
Bb7 9. Qb3 Ne4 10. Rd1 Nxc3 11. bxc3 Nd7 12. Ne5 Nf6 13. Bf4 Bd6 14. Bg5 Be7
15. Bf4 Bd6 16. Bg5 Be7 17. g4 h6 18. Bh4 Ne4 19. Bxe7 Qxe7 20. h3 Rad8 21.
Bxe4 dxe4 22. Ng6 Qg5 23. Nxf8 Kxf8 24. Qa3+ Qe7 25. Qxe7+ Kxe7 26. Kf1 h5 27.
Ke1 hxg4 28. hxg4 Bc8 29. f3 exf3 30. exf3 Be6 31. Kf2 Kf6 32. Re1 Rd5 33. Ke3
c5 34. Red1 g6 35. c4 cxd4+ 36. Rxd4 Rc5 37. Kd3 Ke7 38. Re1 Kf6 39. Rb1 Ra5
40. Rb2 Rc5 41. Rb4 Ke7 42. Ra4 Rc7 43. Ra3 Kf6 44. Ra4 Ke7 45. Rb4 Rc5 46. Kc3
Rc6 47. a4 a6 48. Kd3 a5 49. Rb5 Bc8 50. Re5+ Be6 51. Rg5 Bd7 52. Re4+ Kf6 53.
Rd5 Be6 54. Rb5 Bd7 55. g5+ Kg7 56. Kc3 Rc7 57. Rxb6 Bxa4 58. Ra6 Bc6 59. Re5
Bxf3 60. Rexa5 Be2 61. Ra4 Rc5 62. R6a5 Rc6 63. Re5 Bg4 64. Kd4 Be6 65. Rc5
Rd6+ 66. Ke5 Rd1 67. Raa5 Rg1 68. Kd6 Rg4 69. Ra4 Bf5 70. Re5 Rxg5 71. c5 Rh5
72. c6 Rh8 73. c7 Bc8 74. Ra8 Rg8 75. Rb5 f5 76. Rbb8 f4 77. Rxc8 Rxc8 78. Rxc8
f3 79. Rb8 1-0

[Event "Quebec op U2000"]
[Site "Longueuil CAN"]
[Date "2019.07.20"]
[Round "1.5"]
[White "Morin-Pare, Victor"]
[Black "Strasser, Rouben"]
[Result "1/2-1/2"]
[WhiteElo "1904"]
[BlackElo "1806"]
[PlyCount "194"]
[EventDate "2019.07.20"]
[EventType "swiss"]
[EventRounds "9"]
[EventCountry "CAN"]

1. d4 d5 2. Bf4 Nf6 3. Nc3 e6 4. e3 Be7 5. Nf3 O-O 6. Bd3 b6 7. Nb5 Na6 8. Ne5
Bb7 9. a3 c6 10. Nc3 c5 11. O-O Rc8 12. Nb5 Ra8 13. c3 c4 14. Bc2 Nb8 15. a4 a6
16. Na3 Nbd7 17. Qf3 Re8 18. Qh3 Nf8 19. f3 Bd6 20. Bg5 Ng6 21. Rae1 Be7 22. e4
Nd7 23. Bxe7 Qxe7 24. exd5 Ndxe5 25. Rxe5 Bxd5 26. Rfe1 Qh4 27. Qxh4 Nxh4 28.
Bxh7+ Kxh7 29. Rh5+ Kg8 30. Rxh4 Rac8 31. Nc2 Bc6 32. Ra1 a5 33. Ne3 Bd7 34. d5
exd5 35. Nxd5 Re6 36. Rd4 Be8 37. Kf2 Rc5 38. Re1 Rxe1 39. Kxe1 Bxa4 40. Nxb6
Bb3 41. Rd8+ Kh7 42. Rc8 Rb5 43. Rc6 Ba2 44. Nxc4 Bxc4 45. Rxc4 Rxb2 46. Kf1
Ra2 47. h4 Kg6 48. Kg1 Kf6 49. Kh2 a4 50. Kh3 Ke6 51. g4 Ra1 52. Kg3 Ke5 53.
Rc5+ Kd6 54. Ra5 a3 55. Kf4 a2 56. h5 Ke6 57. Re5+ Kd6 58. Ra5 Ke6 59. c4 Rc1
60. Ra6+ Ke7 61. Rxa2 Rxc4+ 62. Kg5 Rc5+ 63. Kh4 Rb5 64. Rg2 Rb4 65. Re2+ Kf8
66. Re4 Rb1 67. Kg5 Rb5+ 68. Kf4 f6 69. Re1 Kf7 70. Rh1 Rb4+ 71. Kg3 Rb3 72.
Rh3 Ra3 73. Kh4 Ra4 74. Rh2 Rb4 75. Rf2 Rb1 76. f4 Rh1+ 77. Kg3 Rg1+ 78. Rg2
Rh1 79. Ra2 Rg1+ 80. Kf3 Rh1 81. Ke4 Rb1 82. Ra7+ Kg8 83. Kf5 Kh7 84. Ra5 Rc1
85. g5 fxg5 86. fxg5 Rf1+ 87. Ke6 Re1+ 88. Kf7 Rf1+ 89. Ke6 Re1+ 90. Re5 Rh1
91. Kf7 Rf1+ 92. Ke8 Rh1 93. g6+ Kh6 94. Kf8 Ra1 95. Re7 Ra5 96. Rd7 Rxh5 97.
Rxg7 Rf5+ 1/2-1/2

[Event "Quebec op U2000"]
[Site "Longueuil CAN"]
[Date "2019.07.20"]
[Round "1.6"]
[White "Zhang, Chu Hang"]
[Black "Blanchet, Robert"]
[Result "1-0"]
[WhiteElo "1806"]
[BlackElo "1863"]
[PlyCount "67"]
[EventDate "2019.07.20"]
[EventType "swiss"]
[EventRounds "9"]
[EventCountry "CAN"]

1. e4 c5 2. Ne2 Nc6 3. d4 cxd4 4. Nxd4 d6 5. Nc3 a6 6. Be3 Nf6 7. Bc4 e6 8. Bb3
Be7 9. Qe2 O-O 10. O-O-O Nxd4 11. Bxd4 Nd7 12. g4 Qa5 13. h4 Nc5 14. Kb1 b5 15.
g5 Nxb3 16. axb3 Bb7 17. h5 b4 18. Na4 Qb5 19. Qg4 Qxg5 20. Qh3 Qf4 21. Rdg1 e5
22. Be3 Qxe4 23. Bh6 Qf3 24. Bxg7 Qxh1 25. Rxh1 Kxg7 26. Rg1+ Kf6 27. Nb6 Bc6
28. Qh4+ Ke6 29. Qc4+ Kf5 30. Qxc6 Rad8 31. Qf3+ Ke6 32. Qd5+ Kf5 33. f4 Kxf4
34. Qg2 1-0

[Event "Quebec op U2000"]
[Site "Longueuil CAN"]
[Date "2019.07.20"]
[Round "1.7"]
[White "Couture, Alain"]
[Black "Gauthier, Denis"]
[Result "0-1"]
[WhiteElo "1810"]
[BlackElo "1792"]
[PlyCount "50"]
[EventDate "2019.07.20"]
[EventType "swiss"]
[EventRounds "9"]
[EventCountry "CAN"]

1. b3 e5 2. Bb2 Nc6 3. e3 d5 4. Bb5 Bd6 5. f4 Qe7 6. Nf3 f6 7. Nc3 Be6 8. O-O
Nh6 9. fxe5 fxe5 10. e4 a6 11. Nxd5 Bxd5 12. exd5 axb5 13. dxc6 bxc6 14. Nxe5
Bxe5 15. Bxe5 O-O-O 16. Bg3 g6 17. a4 Nf5 18. Rf3 b4 19. Bf2 Rhe8 20. d3 h5 21.
Qd2 Qd6 22. Re1 c5 23. Rxe8 Rxe8 24. Bg3 Qd4+ 25. Qf2 Re1# 0-1

[Event "Quebec op U2000"]
[Site "Longueuil CAN"]
[Date "2019.07.20"]
[Round "1.8"]
[White "Chevalier, Francois"]
[Black "Sarra-Bournet, Marc"]
[Result "0-1"]
[WhiteElo "1768"]
[BlackElo "1804"]
[PlyCount "90"]
[EventDate "2019.07.20"]
[EventType "swiss"]
[EventRounds "9"]
[EventCountry "CAN"]

1. d4 d5 2. Nf3 Nf6 3. Bf4 e6 4. e3 Be7 5. Nbd2 O-O 6. Bd3 Nbd7 7. c3 c5 8. O-O
Re8 9. h3 Nf8 10. Ne5 Bd6 11. Bg5 h6 12. Bh4 g5 13. Bg3 Qc7 14. f4 Kg7 15. fxg5
hxg5 16. Qf3 Qe7 17. Rf2 N8d7 18. Raf1 Rf8 19. Nxd7 Nxd7 20. Bxd6 Qxd6 21. Qh5
f5 22. Qxg5+ Kf7 23. Nf3 Rg8 24. Qf4 Qxf4 25. exf4 cxd4 26. Nxd4 Nc5 27. Bc2 b6
28. Re1 Ba6 29. b4 Ne4 30. Bxe4 dxe4 31. b5 Bb7 32. Kf1 Rac8 33. Rc2 Bd5 34.
Rd1 Bc4+ 35. Kf2 Rgd8 36. Rcd2 Rd5 37. Ke3 Kf6 38. g4 Bxb5 39. g5+ Kg6 40. Nxb5
Rxb5 41. Rd6 Rxc3+ 42. Ke2 Rb2+ 43. Ke1 Re3+ 44. Kf1 Rf3+ 45. Ke1 Rxf4 0-1

[Event "Quebec op U2000"]
[Site "Longueuil CAN"]
[Date "2019.07.20"]
[Round "1.9"]
[White "Gao, Shiqi"]
[Black "Steinberg, Ellis"]
[Result "1-0"]
[WhiteElo "1754"]
[BlackElo "1745"]
[PlyCount "105"]
[EventDate "2019.07.20"]
[EventType "swiss"]
[EventRounds "9"]
[EventCountry "CAN"]

1. e4 g6 2. d4 d6 3. Nf3 Bg7 4. Be3 c6 5. Nc3 b5 6. a3 Nd7 7. Qd2 Bb7 8. Be2 a6
9. O-O Rc8 10. Ne1 Ngf6 11. Bh6 O-O 12. Bxg7 Kxg7 13. f4 c5 14. e5 dxe5 15.
dxe5 Ne4 16. Nxe4 Bxe4 17. Bd3 Nb6 18. Qe3 Bxd3 19. cxd3 Qd4 20. Qxd4 cxd4 21.
Nf3 Rc2 22. Rf2 Rxf2 23. Kxf2 Na4 24. b4 Rd8 25. Rc1 Nc3 26. g3 Nd5 27. Rc6 Ne3
28. h3 Nd1+ 29. Ke1 Nb2 30. Kd2 Ra8 31. Kc2 Na4 32. Nxd4 Kf8 33. Nb3 Ke8 34.
Nc5 Nxc5 35. bxc5 Kd7 36. Rb6 a5 37. Rxb5 Kc6 38. a4 h5 39. d4 Kd5 40. Kd3 h4
41. g4 Ra7 42. Rb6 Ra8 43. Rb7 Ke6 44. Kc4 f5 45. d5+ Kf7 46. e6+ Ke8 47. g5
Kd8 48. Kb5 Rc8 49. Kb6 Ra8 50. d6 Ke8 51. Rxe7+ Kd8 52. Rb7 Rc8 53. e7+ 1-0

[Event "Quebec op U2000"]
[Site "Longueuil CAN"]
[Date "2019.07.20"]
[Round "1.12"]
[White "Laroche, Hugo"]
[Black "Jiang, Barron Jiyu"]
[Result "1/2-1/2"]
[WhiteElo "1665"]
[BlackElo "1588"]
[PlyCount "105"]
[EventDate "2019.07.20"]
[EventType "swiss"]
[EventRounds "9"]
[EventCountry "CAN"]

1. d4 Nf6 2. Bf4 d5 3. Nf3 c5 4. e3 Nc6 5. c3 Qb6 6. Qb3 c4 7. Qc2 Bf5 8. Qc1
e6 9. Nbd2 Be7 10. h3 O-O 11. Be2 Qd8 12. Bd1 b5 13. Bc2 Bxc2 14. Qxc2 b4 15.
Ne5 Nxe5 16. Bxe5 a5 17. e4 Nd7 18. Bf4 Qb6 19. O-O Bd6 20. Bxd6 Qxd6 21. Rfe1
Rfe8 22. Re3 Qc6 23. Rae1 Nb6 24. exd5 exd5 25. Nf3 Rxe3 26. Rxe3 Qg6 27. Qxg6
hxg6 28. Re7 bxc3 29. bxc3 Na4 30. Ne5 Nxc3 31. Rd7 Rc8 32. Ra7 f6 33. Nxg6 Kh7
34. Nf4 Kh6 35. Kf1 g5 36. Ne2 Ne4 37. Rxa5 c3 38. Nc1 Rb8 39. Ke1 Rb1 40. Kd1
Nxf2+ 41. Kc2 Rb2+ 42. Kxc3 Nd1+ 43. Kd3 Rxg2 44. Rxd5 Nf2+ 45. Ke3 Nxh3 46.
Rd8 Kg7 47. a4 Nf4 48. Ke4 Rc2 49. Nb3 Ne6 50. Rd7+ Kg6 51. Rd6 Re2+ 52. Kf3
Rb2 53. Na5 1/2-1/2

[Event "Quebec op U2000"]
[Site "Longueuil CAN"]
[Date "2019.07.20"]
[Round "1.13"]
[White "Hernandez, Juan Felipe"]
[Black "Desmarais, Serge"]
[Result "1-0"]
[WhiteElo "1454"]
[BlackElo "1650"]
[PlyCount "43"]
[EventDate "2019.07.20"]
[EventType "swiss"]
[EventRounds "9"]
[EventCountry "CAN"]

1. e4 e6 2. d4 d5 3. e5 c5 4. c3 Nc6 5. Nf3 Qb6 6. a3 cxd4 7. cxd4 Nge7 8. b4
Nf5 9. Be3 Nxb4 10. axb4 Bxb4+ 11. Nbd2 Bd7 12. Bd3 Nxe3 13. fxe3 h6 14. O-O
O-O 15. g4 g6 16. g5 h5 17. Nh4 Qd8 18. Rf6 Be7 19. Nxg6 Bxf6 20. Qxh5 Bg7 21.
Ne7+ Qxe7 22. Qh7# 1-0

[Event "Quebec op U2000"]
[Site "Longueuil CAN"]
[Date "2019.07.20"]
[Round "1.14"]
[White "Baran, Marius"]
[Black "Bilodeau-Savaria, Carl-William"]
[Result "1-0"]
[WhiteElo "1648"]
[BlackElo "1392"]
[PlyCount "73"]
[EventDate "2019.07.20"]
[EventType "swiss"]
[EventRounds "9"]
[EventCountry "CAN"]

1. e4 c5 2. Nc3 Nc6 3. f4 e6 4. Nf3 Qc7 5. g3 Be7 6. Bg2 d6 7. d3 Nf6 8. h3 Rb8
9. Be3 b5 10. O-O a6 11. Ne2 d5 12. e5 Nd7 13. d4 c4 14. c3 b4 15. Qd2 bxc3 16.
bxc3 Nb6 17. Qc2 Bd7 18. Rfb1 Na7 19. a4 a5 20. g4 Nc6 21. f5 h5 22. Ng3 hxg4
23. hxg4 Kd8 24. Kf2 Qc8 25. Rh1 Rxh1 26. Rxh1 Kc7 27. Rh7 Qg8 28. f6 gxf6 29.
exf6 Bd6 30. Rg7 Qe8 31. Nh5 Nd8 32. Qh7 Bxa4 33. Ng5 Qb5 34. Bd2 Qb2 35. Ke3
Bf4+ 36. Nxf4 Qa1 37. Qh1 1-0

[Event "Quebec op U2000"]
[Site "Longueuil CAN"]
[Date "2019.07.20"]
[Round "1.16"]
[White "Moran-Venegas, Mario"]
[Black "Pregent, Daniel"]
[Result "1-0"]
[WhiteElo "1631"]
[BlackElo "1840"]
[PlyCount "83"]
[EventDate "2019.07.20"]
[EventType "swiss"]
[EventRounds "9"]
[EventCountry "CAN"]

1. c4 c5 2. g3 Nf6 3. Bg2 g6 4. Nf3 Bg7 5. O-O O-O 6. Nc3 d5 7. cxd5 Nxd5 8.
Qb3 Nxc3 9. dxc3 Qc7 10. Bf4 e5 11. Be3 Be6 12. Qb5 Nd7 13. Ng5 Rab8 14. Nxe6
fxe6 15. Rad1 Rfd8 16. Bg5 Nf6 17. Rxd8+ Rxd8 18. Bh3 Kf7 19. Qc4 Qd6 20. f4
exf4 21. Bxf4 Qd5 22. Qa4 a6 23. Bg2 Qd7 24. Qc4 Qc8 25. Be5 Ke7 26. Qh4 Rf8
27. Bxf6+ Rxf6 28. Rxf6 Bxf6 29. Qxh7+ Kd6 30. Qxg6 Be5 31. Qd3+ Kc7 32. Qe4
Bd6 33. Bh3 Kb8 34. Bxe6 Qc7 35. Kg2 Qg7 36. Bd5 Ka7 37. Qe6 Qc7 38. Qf7 Qb6
39. b3 Bc7 40. c4 Qd6 41. Qf3 b5 42. Qe3 1-0